000 00308nam a22001457a 4500
008 221003b ||||| |||| 00| 0 eng d
020 _a9781593077013
041 _aeng
080 _a7
082 _a7
100 _a21.1
101 _aART
245 _aThe art of the film
_cZack Snyder
942 _2udc
_cBK
999 _c58320
_d58320